| 000 | nam a22 7a 4500 | ||
|---|---|---|---|
| 999 |
_c15836 _d15836 |
||
| 008 | 161105b xxu||||| |||| 00| 0 eng d | ||
| 020 | _a0256145326 | ||
| 050 | _aHG 179.K37 1996 | ||
| 100 | _aKapoor, Jack R. | ||
| 245 |
_aPersonal finance / _cJack R. Kapoor, Les R. Dlabay and Robert J. Hughes. |
||
| 250 | _a4th ed. | ||
| 260 |
_aChicago : _bIrwin , _c1996. |
||
| 300 |
_axxii, 665p. : _bill. ; |
||
| 500 | _aInclude index. | ||
| 650 | _aFinance, personal. | ||
| 700 | _aDlabay, Les R. | ||
| 700 | _aHughes, Robert J. | ||
| 942 |
_2lcc _cBOOKS _hHG 179.K37 1996 |
||